MARC details
| 000 -LEADER |
| fixed length control field |
02662cam a2200601 i 4500 |
| 001 - CONTROL NUMBER |
| control field |
200468106 |
| 003 - CONTROL NUMBER IDENTIFIER |
| control field |
TR-AnTOB |
| 005 - DATE AND TIME OF LATEST TRANSACTION |
| control field |
20260414132700.0 |
| 007 - PHYSICAL DESCRIPTION FIXED FIELD--GENERAL INFORMATION |
| fixed length control field |
ta |
| 008 - FIXED-LENGTH DATA ELEMENTS--GENERAL INFORMATION |
| fixed length control field |
260414t19731973nyu 000 f eng |
| 010 ## - LIBRARY OF CONGRESS CONTROL NUMBER |
| LC control number |
72083804 |
| 020 ## - INTERNATIONAL STANDARD BOOK NUMBER |
| International Standard Book Number |
0670348325 |
|
| International Standard Book Number |
9780670348329 |
|
| International Standard Book Number |
0670003743 |
| Qualifying information |
(paperback) |
|
| International Standard Book Number |
9780670003747 |
| Qualifying information |
(paperback) |
| 035 ## - SYSTEM CONTROL NUMBER |
| System control number |
(CU-S)b14063438-01ucs_sdi |
|
| System control number |
(OCoLC)00592261 |
| Canceled/invalid control number |
(OCoLC)6700941 |
| -- |
(OCoLC)11961782 |
| -- |
(OCoLC)976816334 |
| -- |
(OCoLC)1166527574 |
| -- |
(OCoLC)1166540538 |
| -- |
(OCoLC)1166994947 |
| -- |
(OCoLC)1166996759 |
|
| System control number |
(OCoLC)ocm00592261 |
|
| System control number |
(EXLNZ-01UCS_NETWORK)9912424323606531 |
|
| System control number |
(TR-AnTOB)200468106 |
| 040 ## - CATALOGING SOURCE |
| Original cataloging agency |
DLC |
| Language of cataloging |
eng |
| Description conventions |
rda |
| Transcribing agency |
DLC |
| Modifying agency |
OCLCQ |
| -- |
NLGGC |
| -- |
BTCTA |
| -- |
YDXCP |
| -- |
DEBBG |
| -- |
YVO |
| -- |
MOF |
| -- |
HRH |
| -- |
WKM |
| -- |
OCLCF |
| -- |
OCLCQ |
| -- |
OCLCO |
| -- |
OCLCQ |
| -- |
OCL |
| -- |
OCLCO |
| -- |
WVX |
| -- |
OCLCO |
| -- |
OCL |
| -- |
TPA |
| -- |
OCLCO |
| -- |
OCL |
| -- |
SFR |
| -- |
OCLCQ |
| -- |
YT6 |
| -- |
TYC |
| -- |
OCLCQ |
| -- |
AU@ |
| -- |
CSA |
| -- |
BOS |
| -- |
TFW |
| -- |
OCLCO |
| -- |
CNO |
| -- |
CSO |
| -- |
CBA |
| -- |
OCLCO |
| -- |
CPS |
| -- |
OCLCO |
| -- |
WUW |
| -- |
OCLCQ |
| -- |
OCL |
| -- |
OCLCO |
| -- |
CNCLB |
| -- |
OCL |
| -- |
MMM |
| -- |
OCLCO |
| -- |
PUL |
| -- |
J9U |
| -- |
SUC |
| -- |
LUE |
| -- |
OCLCO |
| -- |
OCLCL |
| -- |
OCLCQ |
| -- |
YUS |
| -- |
OCLCO |
| -- |
IG# |
| -- |
OCLCL |
| -- |
TR-AnTOB |
| 041 0# - LANGUAGE CODE |
| Language code of text/sound track or separate title |
İngilizce |
| 043 ## - GEOGRAPHIC AREA CODE |
| Geographic area code |
e------ |
| 050 04 - LIBRARY OF CONGRESS CALL NUMBER |
| Classification number |
PS3566.Y55 |
| Item number |
G7 1973 |
| 090 ## - LOCALLY ASSIGNED LC-TYPE CALL NUMBER (OCLC); LOCAL CALL NUMBER (RLIN) |
| Classification number (OCLC) (R) ; Classification number, CALL (RLIN) (NR) |
PS3566.Y55 |
| Local cutter number (OCLC) ; Book number/undivided call number, CALL (RLIN) |
G7 1973 |
| 100 1# - MAIN ENTRY--PERSONAL NAME |
| Personal name |
Pynchon, Thomas |
| Relator term |
author |
| Relator code |
aut |
| Authority record control number or standard number |
http://id.loc.gov/authorities/names/n79099184 |
| 9 (RLIN) |
153650 |
| 245 10 - TITLE STATEMENT |
| Title |
Gravity's rainbow / |
| Statement of responsibility, etc. |
Thomas Pynchon. |
| 264 #1 - PRODUCTION, PUBLICATION, DISTRIBUTION, MANUFACTURE, AND COPYRIGHT NOTICE |
| Place of production, publication, distribution, manufacture |
New York : |
| Name of producer, publisher, distributor, manufacturer |
The Viking Press, |
| Date of production, publication, distribution, manufacture, or copyright notice |
[1973] |
|
| Date of production, publication, distribution, manufacture, or copyright notice |
©1973 |
| 300 ## - PHYSICAL DESCRIPTION |
| Extent |
760 pages ; |
| Dimensions |
23 cm |
| 336 ## - CONTENT TYPE |
| Content type term |
text |
| Content type code |
txt |
| Source |
rdacontent |
| 337 ## - MEDIA TYPE |
| Media type term |
unmediated |
| Media type code |
n |
| Source |
rdamedia |
| 338 ## - CARRIER TYPE |
| Carrier type term |
volume |
| Carrier type code |
nc |
| Source |
rdacarrier |
| 490 0# - SERIES STATEMENT |
| Series statement |
A Viking compass book |
| 500 ## - GENERAL NOTE |
| General note |
A novel. |
| 510 4# - CITATION/REFERENCES NOTE |
| Name of source |
Mead, C. Pynchon, |
| Location within source |
A3a |
|
| Name of source |
Postmodern fiction, |
| Location within source |
p. 491 |
|
| Name of source |
Reginald, R. Science fiction, |
| Location within source |
31953 |
|
| Name of source |
Scotto, R.M. Hawkes, Heller and Pynchon, |
| Location within source |
5 |
|
| Name of source |
Walsh & Northouse. Barth, Kosinski and Pynchon, |
| Location within source |
p. 93 |
| 520 ## - SUMMARY, ETC. |
| Summary, etc. |
An American Lieutenant stationed in London during the Blitz has a bizarre ability. |
| 650 #0 - SUBJECT ADDED ENTRY--TOPICAL TERM |
| Topical term or geographic name entry element |
World War, 1939-1945 |
| Form subdivision |
Fiction |
| Authority record control number or standard number |
http://id.loc.gov/authorities/subjects/sh87008024 |
| 9 (RLIN) |
34938 |
|
| Topical term or geographic name entry element |
Americans |
| Geographic subdivision |
Europe |
| Form subdivision |
Fiction |
| Authority record control number or standard number |
http://id.loc.gov/authorities/subjects/sh2007100746 |
| 9 (RLIN) |
116763 |
|
| Topical term or geographic name entry element |
Rockets (Ordnance) |
| Form subdivision |
Fiction |
| 9 (RLIN) |
153651 |
|
| Topical term or geographic name entry element |
Rocketry |
| Form subdivision |
Fiction |
| 9 (RLIN) |
153652 |
|
| Topical term or geographic name entry element |
Soldiers |
| Form subdivision |
Fiction |
| 9 (RLIN) |
153595 |
| 651 #0 - SUBJECT ADDED ENTRY--GEOGRAPHIC NAME |
| Geographic name |
Europe |
| Form subdivision |
Fiction |
| 9 (RLIN) |
153653 |
| 655 #7 - INDEX TERM--GENRE/FORM |
| Genre/form data or focus term |
War fiction |
| Source of term |
lcgft |
| Authority record control number |
http://id.loc.gov/authorities/genreForms/gf2014026590 |
| 9 (RLIN) |
153646 |
|
| Genre/form data or focus term |
Science fiction |
| Source of term |
lcgft |
| Authority record control number |
http://id.loc.gov/authorities/genreForms/gf2014026529 |
| 9 (RLIN) |
153063 |
| 942 ## - ADDED ENTRY ELEMENTS (KOHA) |
| Source of classification or shelving scheme |
Library of Congress Classification |
| Koha item type |
Book |